000 00527nam a2200217Ia 4500
003 OSt
005 20221007082421.0
006 a|||||r|||| 00| 0
007 ta
008 221006b |||||||| |||| 00| 0 eng d
024 _a12,955
037 _cTextual
040 _aFLL
_cFLL
_beng
041 _2eng
_aeng
082 _aV52:3(x).N7, L7
245 0 _aItalian system of state participation
260 _c1977
300 _a149p
_ccm.
942 _hV52:3(x).N7, L7
_cTEXL
_2CC
999 _c1166353
_d1166353